[Event "Frankfurt Ch 2012"]
[Site "Ffm-Kalbach, LAZ"]
[Date "2012.06.18"]
[Round "7.1"]
[White "Khenkin, Igor"]
[Black "Reschke, Stefan"]
[Result "1-0"]
[WhiteElo "2675"]
[BlackElo "2329"]
[PlyCount "71"]
[EventDate "2012.??.??"]
[WhiteTeam "Wiesbadener SV 1885"]
[BlackTeam "VSG 1880 Offenbach"]

1. d4 Nf6 2. c4 g6 3. Nc3 Bg7 4. e4 d6 5. f3 O-O 6. Be3 Nc6 7. Nge2 a6 8. Qd2
Rb8 9. Rc1 Bd7 10. Nd1 Ne8 11. Bg5 f5 12. exf5 Rxf5 13. h4 b5 14. d5 Ne5 15.
Nd4 Rf8 16. cxb5 axb5 17. h5 gxh5 18. Nc3 Nc4 19. Bxc4 bxc4 20. Rxh5 Nf6 21.
Bxf6 exf6 22. Kf2 f5 23. Nce2 Qe8 24. Rg5 Qe5 25. Rxc4 Qxd5 26. Rxc7 Rf7 27. b3
Kh8 28. Rxg7 Rxg7 29. Nf4 Qe5 30. Nh5 Rf7 31. f4 Qe7 32. g3 Rc8 33. Nc6 Qe8 34.
Qd4+ Kg8 35. Nf6+ Rxf6 36. Qxf6 1-0

[Event "Frankfurt Ch 2012"]
[Site "Ffm-Kalbach, LAZ"]
[Date "2012.06.18"]
[Round "7.2"]
[White "Stockmann, Michael"]
[Black "Telljohann, Sven"]
[Result "0-1"]
[WhiteElo "2235"]
[BlackElo "2391"]
[PlyCount "72"]
[EventDate "2012.??.??"]
[WhiteTeam "Sfr. Schöneck"]
[BlackTeam "Sfr. Schöneck"]

1. d4 g6 2. g3 Bg7 3. Bg2 d6 4. Nf3 Nd7 5. c4 e5 6. e4 Ne7 7. Nc3 O-O 8. O-O a6
9. Be3 Nc6 10. d5 Ne7 11. Qd2 a5 12. a3 Nc5 13. Rae1 a4 14. Qc2 Bd7 15. Bxc5
dxc5 16. Nd2 Nc8 17. f4 Nd6 18. fxe5 Bxe5 19. Qd3 Qe7 20. Nf3 b6 21. Nd1 f6 22.
Qc2 Bg4 23. Nf2 Bxf3 24. Bxf3 Bd4 25. Bg4 Qe5 26. Bd7 Bxf2+ 27. Rxf2 f5 28. Bc6
Rad8 29. Qxa4 fxe4 30. Rxf8+ Rxf8 31. Qc2 Qd4+ 32. Kg2 e3 33. Re2 Qf6 34. Qd1
Qf3+ 35. Kg1 Qe4 36. Qc2 Rf1+ 0-1

[Event "Frankfurt Ch 2012"]
[Site "Ffm-Kalbach, LAZ"]
[Date "2012.06.18"]
[Round "7.3"]
[White "Zude, Erik"]
[Black "Isserman, Ryhor"]
[Result "1/2-1/2"]
[WhiteElo "2340"]
[BlackElo "2274"]
[PlyCount "108"]
[EventDate "2012.??.??"]
[WhiteTeam "SV 1920 Hofheim"]
[BlackTeam "SK Bad Homburg 1927"]

1. d4 Nf6 2. Nf3 g6 3. c4 Bg7 4. Nc3 O-O 5. e4 d6 6. h3 e5 7. d5 Nh5 8. g3 f5
9. exf5 gxf5 10. Ng5 Nf6 11. Bg2 Na6 12. a3 e4 13. Ne2 h6 14. Ne6 Bxe6 15. dxe6
Qe8 16. Nd4 Qg6 17. O-O Rae8 18. b4 c5 19. Nc2 Nh5 20. Rb1 Qxe6 21. Be3 Qxc4
22. Qd2 Qe6 23. Rfd1 b6 24. Qxd6 Qxd6 25. Rxd6 cxb4 26. axb4 Rd8 27. Rxd8 Rxd8
28. g4 fxg4 29. Bxe4 Nf6 30. Bf5 gxh3 31. Nd4 Nd5 32. Nc6 Rd6 33. Rd1 Nxe3 34.
Ne7+ Kf7 35. Rxd6 h2+ 36. Kh1 Kxe7 37. Rd7+ Kf6 38. fxe3 Nxb4 39. Be4 a5 40.
Kxh2 Bf8 41. Kg2 Ke5 42. Kf3 Bc5 43. Rd8 Na2 44. Rd5+ Kf6 45. Rf5+ Kg7 46. Bc6
Nc3 47. Rf4 h5 48. Rh4 Kf6 49. Rxh5 a4 50. Rh8 a3 51. Ra8 Bb4 52. Ba4 Ba5 53.
Bb3 a2 54. Bxa2 Nxa2 1/2-1/2

[Event "Frankfurt Ch 2012"]
[Site "Ffm-Kalbach, LAZ"]
[Date "2012.06.18"]
[Round "7.4"]
[White "Brüggemann, Ludger"]
[Black "Uwira, Oliver"]
[Result "1/2-1/2"]
[WhiteElo "2190"]
[BlackElo "2172"]
[PlyCount "106"]
[EventDate "2012.??.??"]
[WhiteTeam "Sabt Frankfurter TV 1860"]
[BlackTeam "SC 1961 König Nied"]

1. e4 c5 2. Nc3 Nc6 3. g3 g6 4. Bg2 Bg7 5. d3 d6 6. f4 e6 7. Nf3 Nge7 8. Be3
O-O 9. O-O Rb8 10. Rb1 b6 11. d4 d5 12. e5 Nf5 13. Bf2 Nfxd4 14. Nxd4 Nxd4 15.
Bxd4 cxd4 16. Qxd4 Bd7 17. Rf3 Qc7 18. Kh1 Rfc8 19. Bf1 Qc5 20. Rd1 Bf8 21. f5
Qxd4 22. Rxd4 gxf5 23. g4 Bg7 24. gxf5 Bxe5 25. Rg4+ Kf8 26. fxe6 Bxe6 27. Rg5
Bxc3 28. bxc3 Rc5 29. Bh3 Ke7 30. Bxe6 fxe6 31. Rg7+ Kd6 32. Rxa7 Ra5 33. Rxh7
Rxa2 34. Rf2 Rc8 35. Rh3 Rc4 36. Re3 Rg4 37. Rg3 Rxg3 38. hxg3 Ra3 39. g4 Rxc3
40. Kg2 Ke7 41. g5 e5 42. Rf5 Rxc2+ 43. Kg3 Rc8 44. Rxe5+ Kd6 45. Re1 d4 46.
Rb1 Rb8 47. Kf3 Kd5 48. Ke2 Re8+ 49. Kd2 Re6 50. Kd3 Rc6 51. Rb5+ Rc5 52. Rxb6
Rc3+ 53. Kd2 Rg3 1/2-1/2

[Event "Frankfurt Ch 2012"]
[Site "Ffm-Kalbach, LAZ"]
[Date "2012.06.18"]
[Round "7.5"]
[White "Gohil, Harry"]
[Black "Penzel, Nils"]
[Result "1-0"]
[WhiteElo "2298"]
[BlackElo "2007"]
[PlyCount "89"]
[EventDate "2012.??.??"]
[WhiteTeam "TSV Schott Mainz"]
[BlackTeam "SSg Rödermark/Eppertshausen"]

1. d4 e6 2. Nf3 c5 3. e3 Nf6 4. Bd3 b6 5. O-O Bb7 6. Nbd2 Be7 7. b3 O-O 8. Bb2
d6 9. c4 Nbd7 10. Qc2 Rc8 11. Rad1 h6 12. Qb1 Qc7 13. Rfe1 Rfe8 14. e4 cxd4 15.
Bxd4 Rcd8 16. Qb2 Qb8 17. b4 Nh5 18. Bf1 Bf6 19. Nb1 Nf4 20. Nc3 Ng6 21. Bxf6
Nxf6 22. Rd4 a6 23. Qc1 Qa8 24. Qb1 Nf4 25. a4 d5 26. exd5 g5 27. h4 exd5 28.
hxg5 hxg5 29. Nxg5 Ng6 30. Rxe8+ Rxe8 31. Qf5 Kg7 32. f4 dxc4 33. Rd7 Re7 34.
Rxe7 Nxe7 35. Qe5 Qd8 36. Bxc4 Nc6 37. Nxf7 Nxe5 38. Nxd8 Nxc4 39. Nxb7 Nh5 40.
Ne2 a5 41. bxa5 bxa5 42. Kf2 Nb6 43. Nc5 Kf7 44. Kf3 Ke7 45. g4 1-0

[Event "Frankfurt Ch 2012"]
[Site "Ffm-Kalbach, LAZ"]
[Date "2012.06.18"]
[Round "7.6"]
[White "Partzsch, Lukas"]
[Black "Goreacinic, Dmitri"]
[Result "0-1"]
[WhiteElo "2122"]
[BlackElo "2231"]
[PlyCount "106"]
[EventDate "2012.??.??"]
[WhiteTeam "SC Matt im Park Ffm"]
[BlackTeam "VSG 1880 Offenbach"]

1. d4 d5 2. c4 c6 3. Nf3 Nf6 4. Nc3 a6 5. e3 Bf5 6. Bd3 Bg6 7. O-O e6 8. Bxg6
hxg6 9. Qd3 b5 10. b3 b4 11. Ne2 Ne4 12. h3 Nd7 13. Ne5 g5 14. Nxd7 Qxd7 15. f3
Nd6 16. Bd2 Nb7 17. cxd5 cxd5 18. Rac1 Be7 19. e4 O-O 20. Be3 a5 21. Qd2 f6 22.
e5 a4 23. exf6 gxf6 24. f4 axb3 25. axb3 Nd6 26. Ng3 Nf7 27. fxg5 Nxg5 28. Bxg5
fxg5 29. Qd3 Qe8 30. Rc7 Rxf1+ 31. Nxf1 Ra1 32. Qf3 Qf8 33. Qd3 Qf6 34. Rb7 Re1
35. Rb8+ Kg7 36. Rb7 Kg8 37. Rd7 Kf7 38. Rb7 Re4 39. Kh2 Qf4+ 40. Kg1 Qf6 41.
Kh2 Kg8 42. Ng3 Bd6 43. Kg1 Qxd4+ 44. Qxd4 Rxd4 45. Nh5 Be5 46. Re7 Re4 47. Kf1
Bc3 48. Rc7 Kf8 49. Ng3 Re1+ 50. Kf2 Rb1 51. Ne2 Rxb3 52. Nxc3 bxc3 53. Ke3 e5
0-1

[Event "Frankfurt Ch 2012"]
[Site "Ffm-Kalbach, LAZ"]
[Date "2012.06.18"]
[Round "7.7"]
[White "Prenzler, Daniel"]
[Black "Koch, Markus"]
[Result "1-0"]
[WhiteElo "2154"]
[BlackElo "2154"]
[PlyCount "77"]
[EventDate "2012.??.??"]
[WhiteTeam "SC 1961 König Nied"]
[BlackTeam "SC Brett vor'm Kopp Ffm"]

1. e4 c5 2. Nf3 d6 3. d4 cxd4 4. Nxd4 Nf6 5. Nc3 a6 6. Bg5 e6 7. f4 Qb6 8. Qd2
Nc6 9. Bxf6 gxf6 10. Nb3 Bd7 11. O-O-O O-O-O 12. Be2 h5 13. Rhf1 Kb8 14. Rf3
Bc8 15. Rh3 h4 16. Qe1 Bh6 17. Rxh4 Qe3+ 18. Kb1 Qb6 19. Rd3 Ne7 20. Rdh3 Bg7
21. Rh7 Rhg8 22. Bh5 f5 23. Bxf7 Bxc3 24. Rxc3 Rxg2 25. Rg3 Rf2 26. Bxe6 Bxe6
27. Rxe7 Bc4 28. Nc1 fxe4 29. Qxe4 d5 30. Qe5+ Ka8 31. Rgg7 Rb8 32. Re8 Rxe8
33. Qxe8+ Ka7 34. Rg8 Qc5 35. Qb8+ Kb6 36. Rg6+ Ka5 37. Qxb7 Rf1 38. b3 Qe3 39.
Qc7+ 1-0

[Event "Frankfurt Ch 2012"]
[Site "Ffm-Kalbach, LAZ"]
[Date "2012.06.18"]
[Round "7.8"]
[White "Minor, Samuel"]
[Black "Orlinski, Wolfgang"]
[Result "1/2-1/2"]
[WhiteElo "2177"]
[BlackElo "1985"]
[PlyCount "86"]
[EventDate "2012.??.??"]
[WhiteTeam "Wiesbadener SV 1885"]
[BlackTeam "Sfr. Frankfurt 1921"]

1. e4 c6 2. d4 d5 3. e5 Bf5 4. Nf3 e6 5. Be2 Nd7 6. O-O Be7 7. Nbd2 h5 8. Nb3
g5 9. Ne1 Bg6 10. a4 h4 11. a5 Nh6 12. f4 Nf5 13. Nd3 g4 14. Bxg4 b6 15. axb6
axb6 16. Nf2 Rxa1 17. Nxa1 Qa8 18. Nb3 Qa4 19. Bh3 c5 20. c3 c4 21. Nd2 Qxd1
22. Nxd1 O-O 23. Nf3 Ra8 24. Kf2 Kg7 25. g4 hxg3+ 26. hxg3 Rh8 27. Bg2 b5 28.
Rh1 Rxh1 29. Bxh1 Nh6 30. Nh2 Bd3 31. Bf3 f5 32. exf6+ Nxf6 33. Kg2 Nf5 34. Nf2
Bb1 35. Nh3 Ne4 36. Nf2 Nexg3 37. Nhg4 Nh5 38. Kh3 Nf6 39. Ne5 Nd6 40. Kg2 Bf5
41. Nh3 Nde4 42. Ng5 Nxg5 43. fxg5 Ne4 1/2-1/2

[Event "Frankfurt Ch 2012"]
[Site "Ffm-Kalbach, LAZ"]
[Date "2012.06.18"]
[Round "7.10"]
[White "Holvason, Juri"]
[Black "Mager, Denis"]
[Result "1-0"]
[WhiteElo "2125"]
[BlackElo "1924"]
[PlyCount "71"]
[EventDate "2012.??.??"]
[WhiteTeam "SC Brett vor'm Kopp Ffm"]
[BlackTeam "SAbt TuS Makkabi Ffm"]

1. g3 d5 2. Bg2 Nf6 3. Nf3 c5 4. O-O Nc6 5. d3 e5 6. c3 Be7 7. Qc2 O-O 8. e4 d4
9. Nbd2 Ne8 10. Nc4 Qc7 11. a4 Be6 12. Ne1 Bxc4 13. dxc4 Nd6 14. b3 dxc3 15.
Qxc3 Nd4 16. Ra2 Bf6 17. Be3 Rfe8 18. Bxd4 exd4 19. Qd3 g6 20. f4 Bg7 21. Re2
a6 22. g4 f6 23. Qg3 Nf7 24. Nd3 Re7 25. e5 fxe5 26. f5 Bh6 27. Bd5 Be3+ 28.
Rxe3 dxe3 29. fxg6 hxg6 30. Qxe3 Kg7 31. Nxc5 Qc8 32. h3 Nh6 33. Qf2 Kh7 34.
Ne4 Ng8 35. Qh4+ Kg7 36. Bxg8 1-0

[Event "Frankfurt Ch 2012"]
[Site "Ffm-Kalbach, LAZ"]
[Date "2012.06.18"]
[Round "7.11"]
[White "Stock, Jürgen"]
[Black "Reschke, Thomas"]
[Result "0-1"]
[WhiteElo "1881"]
[BlackElo "2118"]
[PlyCount "46"]
[EventDate "2012.??.??"]
[WhiteTeam "SC Eschborn 1974"]
[BlackTeam "SC Frankfurt-West"]

1. d4 g6 2. c3 Bg7 3. Bg5 d6 4. Nd2 h6 5. Bh4 g5 6. Bg3 f5 7. f4 gxf4 8. Bxf4
e5 9. dxe5 dxe5 10. Bg3 Nc6 11. e4 Nf6 12. Bc4 fxe4 13. Qe2 Bg4 14. Qe3 Qd7 15.
h3 Bf5 16. O-O-O O-O-O 17. Ne2 Nd5 18. Bxd5 Qxd5 19. Nb3 Qc4 20. Bh4 Rd3 21.
Qf2 Rf8 22. Ng3 e3 23. Qe2 Rxc3+ 0-1

[Event "Frankfurt Ch 2012"]
[Site "Ffm-Kalbach, LAZ"]
[Date "2012.06.18"]
[Round "7.12"]
[White "Sandten, Ulrich"]
[Black "Schmitt, Roland"]
[Result "1/2-1/2"]
[WhiteElo "2095"]
[BlackElo "1878"]
[PlyCount "48"]
[EventDate "2012.??.??"]
[WhiteTeam "SF Vonkeln 1931"]
[BlackTeam "SK Großsachsen"]

1. e4 c5 2. Nc3 g6 3. f4 Bg7 4. Nf3 d6 5. Bb5+ Nd7 6. O-O a6 7. Bc4 Nb6 8. Be2
d5 9. d3 d4 10. Nb1 Nf6 11. Qe1 Bg4 12. Qh4 Bxf3 13. Bxf3 O-O 14. b3 c4 15. e5
cxd3 16. cxd3 Nfd5 17. Qf2 f6 18. Qxd4 fxe5 19. fxe5 e6 20. Na3 Qc7 21. Bb2 Rf4
22. Be4 Bh6 23. Rxf4 Bxf4 24. Bxd5 Nxd5 1/2-1/2

[Event "Frankfurt Ch 2012"]
[Site "Ffm-Kalbach, LAZ"]
[Date "2012.06.18"]
[Round "7.13"]
[White "Kabir, Rezaul"]
[Black "Fußnecker, Manfred"]
[Result "1-0"]
[WhiteElo "2043"]
[BlackElo "1876"]
[PlyCount "75"]
[EventDate "2012.??.??"]
[WhiteTeam "Sfr. Frankfurt 1921"]
[BlackTeam "Sfr. Frankfurt 1921"]

1. e4 e5 2. Nf3 d6 3. d4 exd4 4. Nxd4 Nf6 5. Nc3 Be7 6. Be2 O-O 7. O-O Re8 8.
f4 Bf8 9. Bf3 Nbd7 10. Nb3 c6 11. g4 d5 12. e5 Ne4 13. Nxe4 dxe4 14. Bxe4 Qh4
15. Bg2 Nc5 16. g5 Nxb3 17. axb3 Bc5+ 18. Kh1 Bf5 19. Qf3 Bg4 20. Qc3 Bf2 21.
Be3 Bxe3 22. Qxe3 h6 23. gxh6 Qxh6 24. Rxa7 Rxa7 25. Qxa7 Be2 26. Re1 Rd8 27.
Qa5 Qh4 28. Kg1 Rd1 29. Rxd1 Bxd1 30. Qd2 Bg4 31. b4 g6 32. c4 Bh3 33. Bh1 Qg4+
34. Kf2 Qh4+ 35. Ke3 Be6 36. b5 g5 37. Qd8+ Kg7 38. Qxg5+ 1-0

[Event "Frankfurt Ch 2012"]
[Site "Ffm-Kalbach, LAZ"]
[Date "2012.06.18"]
[Round "7.14"]
[White "Holzschuh, Gerald"]
[Black "Ostermeier, Thorsten"]
[Result "1-0"]
[WhiteElo "2007"]
[BlackElo "1849"]
[PlyCount "95"]
[EventDate "2012.??.??"]
[WhiteTeam "SC Bad Nauheim"]
[BlackTeam "Sfr. Frankfurt 1921"]

1. e4 c5 2. c3 d5 3. exd5 Nf6 4. d4 cxd4 5. Qxd4 Qxd5 6. Qxd5 Nxd5 7. Nf3 Nc6
8. Bc4 Nb6 9. Bb3 Bg4 10. Nbd2 e5 11. O-O Bd6 12. a4 O-O 13. Ne4 Be7 14. a5
Bxf3 15. gxf3 Nd7 16. Be3 Kh8 17. Rfd1 Rad8 18. Bd5 Ndb8 19. Nc5 Nxa5 20. Nxb7
Nxb7 21. Bxb7 a6 22. Rxd8 Rxd8 23. Bxa6 Nxa6 24. Rxa6 Kg8 25. Rc6 f5 26. b4 Rb8
27. Bc5 Bf6 28. Bd6 Rb7 29. c4 h5 30. b5 e4 31. fxe4 fxe4 32. b6 Bd4 33. c5 Rf7
34. Rc8+ Kh7 35. Rf8 Rd7 36. c6 Rxd6 37. c7 e3 38. fxe3 Bxe3+ 39. Kf1 Rc6 40.
b7 Rxc7 41. b8=Q Rc1+ 42. Ke2 Bg5 43. Rh8+ Kg6 44. Qe8+ Kf5 45. Rf8+ Bf6 46.
Qxh5+ Ke6 47. Qh3+ Kd5 48. Qd3+ 1-0

[Event "Frankfurt Ch 2012"]
[Site "Ffm-Kalbach, LAZ"]
[Date "2012.06.18"]
[Round "7.15"]
[White "Meiser, Nicolas"]
[Black "Calvi, Stefan"]
[Result "0-1"]
[WhiteElo "1839"]
[BlackElo "2005"]
[PlyCount "63"]
[EventDate "2012.??.??"]
[WhiteTeam "SV Lahn Limburg"]
[BlackTeam "Sfr. Frankfurt 1921"]

1. d4 Nf6 2. Nf3 g6 3. e3 c5 4. Bd3 Bg7 5. b3 cxd4 6. exd4 O-O 7. O-O d5 8. Bb2
Nc6 9. Nbd2 Nb4 10. Be2 Bf5 11. c3 Nd3 12. Bxd3 Bxd3 13. Re1 Rc8 14. Ne5 Bf5
15. h3 Nd7 16. Ndf3 Re8 17. Qe2 f6 18. Nd3 e5 19. Nb4 e4 20. Nd2 Be6 21. a4 a5
22. Na2 f5 23. Rac1 Qg5 24. f3 Nf6 25. fxe4 fxe4 26. Qe3 Qxe3+ 27. Rxe3 Bh6 28.
Re2 Nh5 29. Rce1 Nf4 30. Nc1 Nxe2+ 31. Rxe2 Rf8 32. Re1 0-1

[Event "Frankfurt Ch 2012"]
[Site "Ffm-Kalbach, LAZ"]
[Date "2012.06.18"]
[Round "7.16"]
[White "Kuhn, Luis"]
[Black "Richter, Tobias"]
[Result "1-0"]
[WhiteElo "1811"]
[BlackElo "1992"]
[PlyCount "119"]
[EventDate "2012.??.??"]
[WhiteTeam "SV 1929 Raunheim"]
[BlackTeam "SV Merseburg e. V."]

1. e4 d6 2. d4 Nf6 3. Nc3 g6 4. Nf3 Bg7 5. Be2 c6 6. O-O O-O 7. a4 Qc7 8. Bg5
e5 9. Qd2 Re8 10. d5 Nbd7 11. Rfd1 cxd5 12. Nxd5 Nxd5 13. Qxd5 Bf8 14. Bb5 a6
15. Qc4 Qb6 16. Bxd7 Bxd7 17. b3 Rac8 18. Qd3 Bc6 19. Nd2 Qc7 20. c4 Qd7 21. f3
b5 22. cxb5 axb5 23. a5 d5 24. exd5 Qxd5 25. Ne4 Qxd3 26. Nf6+ Kh8 27. Rxd3 Re6
28. Nd7 Bg7 29. Nc5 Ree8 30. Rad1 f5 31. Rd8 Rcxd8 32. Rxd8 Rxd8 33. Bxd8 e4
34. Ne6 exf3 35. gxf3 Bxf3 36. a6 Bd5 37. a7 Be5 38. Bc7 Bf6 39. Bb6 Be5 40.
Bd4 Bxd4+ 41. Nxd4 b4 42. Nc2 Kg7 43. Nxb4 Bb7 44. Na6 Kf7 45. Nc7 Ke7 46. a8=Q
Bxa8 47. Nxa8 Kd6 48. Nb6 Kc5 49. Nd7+ Kb4 50. Nf8 Kxb3 51. Kf2 Kc3 52. Ke3 Kc4
53. Nxh7 Kd5 54. Kf4 Ke6 55. Kg5 Ke5 56. Kxg6 Kf4 57. h4 Kg4 58. h5 f4 59. Ng5
f3 60. Nxf3 1-0

[Event "Frankfurt Ch 2012"]
[Site "Ffm-Kalbach, LAZ"]
[Date "2012.06.18"]
[Round "7.17"]
[White "Kayser, Felix"]
[Black "Rennhack, Peer"]
[Result "1-0"]
[WhiteElo "2251"]
[BlackElo "1820"]
[PlyCount "91"]
[EventDate "2012.??.??"]
[WhiteTeam "Wiesbadener SV 1885"]
[BlackTeam "Sabt Frankfurter TV 1860"]

1. e4 Nf6 2. e5 Nd5 3. d4 d6 4. c4 Nb6 5. exd6 exd6 6. Nc3 Be7 7. Bd3 O-O 8.
Nge2 Bg4 9. f3 Bh4+ 10. Ng3 Re8+ 11. Nce2 Bd7 12. Qc2 h6 13. O-O Nc6 14. a3 d5
15. c5 Nc8 16. Bf4 Bf6 17. Rad1 Kh8 18. Bf5 N8e7 19. Bxd7 Qxd7 20. Qd3 Ng6 21.
Bc1 Nd8 22. f4 Ne7 23. f5 b6 24. Nh5 Ng8 25. Nc3 Nc6 26. Qg3 bxc5 27. dxc5 Be5
28. Bf4 Qxf5 29. Bxe5 Qxe5 30. Rxf7 Qxg3 31. hxg3 Re5 32. Rxd5 Rxd5 33. Nxd5
Rd8 34. Ndf4 Ne5 35. Rxg7 Rd1+ 36. Kf2 Rd2+ 37. Ke3 Nc4+ 38. Kf3 Ne5+ 39. Ke4
Nf6+ 40. Kxe5 Nxh5 41. Nxh5 c6 42. Rxa7 Rd5+ 43. Kf6 Rxh5 44. Kg6 Rg5+ 45. Kxh6
Rxg3 46. Ra8+ 1-0

[Event "Frankfurt Ch 2012"]
[Site "Ffm-Kalbach, LAZ"]
[Date "2012.06.18"]
[Round "7.18"]
[White "Rondonuwu, Grover"]
[Black "Willems, Matthias"]
[Result "0-1"]
[WhiteElo "2042"]
[BlackElo "1862"]
[PlyCount "32"]
[EventDate "2012.??.??"]
[WhiteTeam "Sabt Frankfurter TV 1860"]
[BlackTeam "SC Bad Nauheim"]

1. d4 Nf6 2. c4 e5 3. d5 Bc5 4. e3 d6 5. a3 a5 6. Nc3 Bd7 7. Nf3 O-O 8. Be2 Ne8
9. O-O f5 10. e4 f4 11. Ne1 Qh4 12. Nd3 Rf6 13. Bf3 Rh6 14. h3 Bxh3 15. gxh3
Qxh3 16. Re1 Rg6+ 0-1

[Event "Frankfurt Ch 2012"]
[Site "Ffm-Kalbach, LAZ"]
[Date "2012.06.18"]
[Round "7.19"]
[White "Aßmann, Hendrik"]
[Black "Rosa, Mike"]
[Result "0-1"]
[WhiteElo "1850"]
[BlackElo "2041"]
[PlyCount "62"]
[EventDate "2012.??.??"]
[WhiteTeam "Sfr.Erbach"]
[BlackTeam "SC 1961 König Nied"]

1. e4 c5 2. f4 d6 3. Nf3 Nc6 4. c3 Nf6 5. d3 g6 6. Na3 Bg7 7. Be2 O-O 8. O-O
Rb8 9. Nc2 b5 10. a3 a5 11. Qe1 b4 12. axb4 axb4 13. Bd2 bxc3 14. bxc3 c4 15.
Ne3 Na5 16. Kh1 Nb3 17. Ra2 cxd3 18. Bxd3 Nc5 19. Bb1 Nfxe4 20. Nd4 Bb7 21. f5
Nxd2 22. Qxd2 Qc8 23. Ng4 Be4 24. Bxe4 Nxe4 25. Qe3 Qxc3 26. Qxe4 Qxd4 27. Qf3
Rb5 28. Ne3 Rb3 29. Re2 gxf5 30. Qd5 Qxd5 31. Nxd5 e6 0-1

[Event "Frankfurt Ch 2012"]
[Site "Ffm-Kalbach, LAZ"]
[Date "2012.06.18"]
[Round "7.20"]
[White "Haftmann, Rainer"]
[Black "Marzahn, Heiko"]
[Result "1-0"]
[WhiteElo "1845"]
[BlackElo "2000"]
[PlyCount "91"]
[EventDate "2012.??.??"]
[WhiteTeam "SAbt SG 1945 Dietzenbach"]
[BlackTeam "Sfr.Erbach"]

1. e4 d5 2. exd5 Nf6 3. d4 Bg4 4. Be2 Bxe2 5. Qxe2 Qxd5 6. Nf3 Nc6 7. O-O O-O-O
8. c3 g5 9. Re1 Rg8 10. Ne5 Nxe5 11. Qxe5 Qd7 12. a4 Nd5 13. a5 Rg6 14. Be3 Bg7
15. Qe4 f5 16. Qd3 Nf6 17. Na3 Ng4 18. h3 Nh6 19. Qb5 Qxb5 20. Nxb5 a6 21. Na3
f4 22. Bc1 Nf5 23. Nc4 Rd5 24. Bd2 Rc6 25. b3 Kd8 26. Rad1 Rb5 27. Ne5 Bxe5 28.
Rxe5 Rxe5 29. dxe5 Ke8 30. c4 Nd4 31. Rb1 Re6 32. Kf1 Nc6 33. Bc3 Kf7 34. Re1
Kg6 35. g4 h5 36. f3 hxg4 37. hxg4 Kf7 38. b4 Rh6 39. Kg2 Rh8 40. b5 Nd8 41.
e6+ Kg8 42. Bxh8 Kxh8 43. Re5 axb5 44. cxb5 Kg7 45. a6 bxa6 46. bxa6 1-0

[Event "Frankfurt Ch 2012"]
[Site "Ffm-Kalbach, LAZ"]
[Date "2012.06.18"]
[Round "7.21"]
[White "Tierling, Detlef"]
[Black "Busic, Nedjeljko"]
[Result "1-0"]
[WhiteElo "1942"]
[BlackElo "1883"]
[PlyCount "79"]
[EventDate "2012.??.??"]
[WhiteTeam "SC Groß-Umstadt"]
[BlackTeam "SC Bad Nauheim"]

1. b3 e5 2. Bb2 d6 3. e3 g6 4. c4 Bg7 5. g3 Nc6 6. Bg2 Nb4 7. d3 Nh6 8. Qd2 Nc6
9. Nc3 O-O 10. Nge2 Be6 11. O-O Qd7 12. Nd5 Bh3 13. f4 Bxg2 14. Kxg2 f5 15. a4
a5 16. h3 Rae8 17. b4 axb4 18. Nxb4 Nf7 19. Nd5 b6 20. Bc3 Nfd8 21. Ra2 Nb7 22.
Qb2 Nc5 23. Rd1 Ra8 24. Qb5 Rf7 25. d4 exd4 26. exd4 Ne4 27. Be1 Na5 28. Bxa5
Rxa5 29. Qb3 h6 30. Rd3 Rf8 31. c5 Kh7 32. cxb6 cxb6 33. Nxb6 Qb7 34. d5 Rb8
35. Nc4 Qa8 36. Nxa5 Rxb3 37. Nxb3 Qa6 38. Nec1 g5 39. a5 Kg6 40. Re2 1-0

[Event "Frankfurt Ch 2012"]
[Site "Ffm-Kalbach, LAZ"]
[Date "2012.06.18"]
[Round "7.22"]
[White "Gräbner, Walter"]
[Black "Goldt, Rainer"]
[Result "1/2-1/2"]
[WhiteElo "1935"]
[BlackElo "1852"]
[PlyCount "83"]
[EventDate "2012.??.??"]
[WhiteTeam "SC 1961 König Nied"]
[BlackTeam "Kreuznacher SV 1921 e.V."]

1. d4 d5 2. c4 e6 3. Nf3 Nf6 4. Nc3 Nbd7 5. e3 c6 6. Bd3 Be7 7. O-O O-O 8. Qe2
Re8 9. Rd1 Qc7 10. e4 dxe4 11. Nxe4 Nxe4 12. Qxe4 Nf8 13. Bf4 Bd6 14. Bxd6 Qxd6
15. Qh4 Qe7 16. Qf4 b6 17. Be4 Bb7 18. Ne5 Rac8 19. Qe3 c5 20. b3 f6 21. Nf3
Bxe4 22. Qxe4 Rcd8 23. Rd3 Rd7 24. Rad1 Red8 25. g3 Qf7 26. dxc5 Rxd3 27. Rxd3
Rxd3 28. Qxd3 bxc5 29. Qd6 Qb7 30. Ne1 Qb4 31. Nc2 Qc3 32. Ne3 Qa1+ 33. Kg2
Qxa2 34. Qxc5 Qxb3 35. Qxa7 Qd3 36. Qb7 Nd7 37. Qc6 Kf7 38. h3 Ne5 39. Qc7+ Kg6
40. Qb7 Nxc4 41. Nxc4 Qxc4 42. Qb1+ 1/2-1/2

[Event "Frankfurt Ch 2012"]
[Site "Ffm-Kalbach, LAZ"]
[Date "2012.06.18"]
[Round "7.23"]
[White "Fröhlich-Dill, Astrid"]
[Black "Wagner, Dirk"]
[Result "0-1"]
[WhiteElo "1825"]
[BlackElo "1922"]
[PlyCount "74"]
[EventDate "2012.??.??"]
[WhiteTeam "SV 1920 Hofheim"]
[BlackTeam "SC Matt im Park Ffm"]

1. d4 Nf6 2. c4 g6 3. Nc3 Bg7 4. e4 d6 5. f3 O-O 6. Be3 Nc6 7. Qd2 a6 8. Nge2
Rb8 9. Ng3 e5 10. d5 Nd4 11. b4 c5 12. bxc5 dxc5 13. Bd3 Bd7 14. Rb1 Ne8 15.
O-O Nd6 16. f4 b5 17. fxe5 Bxe5 18. Bh6 Re8 19. Bg5 f6 20. Bf4 bxc4 21. Rxb8
Qxb8 22. Rb1 N6b5 23. Bxe5 Qxe5 24. Bxc4 Na3 25. Bxa6 Nxb1 26. Nxb1 f5 27. Nc3
fxe4 28. Ngxe4 Bf5 29. Nxc5 Nc2 30. Ne6 Qd6 31. Bd3 Rxe6 32. Bxc2 Bxc2 33. Qxc2
Qc5+ 34. Kf1 Re3 35. Qb2 Rxc3 36. Qb8+ Qc8 37. Qe5 Qf5+ 0-1

[Event "Frankfurt Ch 2012"]
[Site "Ffm-Kalbach, LAZ"]
[Date "2012.06.18"]
[Round "7.24"]
[White "Roggensack, Hans Peter"]
[Black "Kolker, Vladislav"]
[Result "1-0"]
[WhiteElo "1822"]
[BlackElo "1870"]
[PlyCount "51"]
[EventDate "2012.??.??"]
[WhiteTeam "Sfr. Frankfurt 1921"]
[BlackTeam "Sfr.1891 Friedberg"]

1. e4 e5 2. Nf3 Nc6 3. Bb5 f5 4. Nc3 fxe4 5. Nxe4 d5 6. Nxe5 dxe4 7. Nxc6 Qd5
8. c4 Qd6 9. Qh5+ g6 10. Qe5+ Qxe5 11. Nxe5+ c6 12. Ba4 Bg7 13. d4 exd3 14.
Nxd3 Bf5 15. Ke2 O-O-O 16. Rd1 Nf6 17. h3 Rhe8+ 18. Be3 h5 19. Bc2 Rd4 20. b3
Rd7 21. Ne1 Ne4 22. Rxd7 Bxa1 23. Rf7 Bd4 24. Bxe4 Bxe4 25. Nf3 Bc5 26. Bxc5
1-0

[Event "Frankfurt Ch 2012"]
[Site "Ffm-Kalbach, LAZ"]
[Date "2012.06.18"]
[Round "7.25"]
[White "Lebermann, Hellmuth"]
[Black "Rolf, Marco"]
[Result "1/2-1/2"]
[WhiteElo "1862"]
[BlackElo "1737"]
[PlyCount "28"]
[EventDate "2012.??.??"]
[WhiteTeam "SK Bad Homburg 1927"]
[BlackTeam "SK Bad Homburg 1927"]

1. e4 e6 2. c4 d5 3. cxd5 exd5 4. exd5 Nf6 5. Nf3 Nxd5 6. Be2 Bd6 7. Nc3 Nf4 8.
O-O Be6 9. d4 c6 10. Ne4 O-O 11. Nxd6 Nxe2+ 12. Qxe2 Qxd6 13. Ng5 Bf5 14. Qf3
Qd5 1/2-1/2

[Event "Frankfurt Ch 2012"]
[Site "Ffm-Kalbach, LAZ"]
[Date "2012.06.18"]
[Round "7.26"]
[White "Barisch, Florian"]
[Black "Meyer, Kai-Christian"]
[Result "0-1"]
[WhiteElo "1800"]
[BlackElo "2139"]
[PlyCount "102"]
[EventDate "2012.??.??"]
[WhiteTeam "SV 1934 Ffm-Griesheim"]
[BlackTeam "Sfr. Schöneck"]

1. d4 e6 2. Bf4 b6 3. Nf3 Bb7 4. e3 g6 5. Nbd2 Bg7 6. Bd3 Ne7 7. c3 d6 8. Qe2
O-O 9. e4 a6 10. Qe3 Nd7 11. Bh6 e5 12. Bxg7 Kxg7 13. d5 Nc5 14. g4 Bxd5 15.
Bc2 Bb7 16. h4 Ne6 17. O-O-O Nc6 18. Nf1 Qe7 19. Ng3 Nf4 20. Ne2 Nxe2+ 21. Qxe2
Nd8 22. Qe3 Ne6 23. Kb1 Nf4 24. Bb3 a5 25. Bd5 Bxd5 26. exd5 a4 27. a3 Ra5 28.
Qe4 f6 29. Rhg1 Qf7 30. c4 f5 31. gxf5 Qxf5 32. Qxf5 Rxf5 33. Ng5 h6 34. Ne4
Ra8 35. Rg4 Nh3 36. Rf1 Raf8 37. Rg2 Rf4 38. Nd2 Rxf2 39. Rgxf2 Rxf2 40. Rd1
Rf4 41. Rh1 Rxh4 42. Nf3 Rh5 43. Kc2 Nf4 44. Rxh5 Nxh5 45. Kc3 g5 46. Kb4 g4
47. Ne1 Nf4 48. Kb5 h5 49. Kc6 h4 50. Kxc7 h3 51. Kxd6 h2 0-1